Криміналістичне забезпечення досудового слідства у справах про злочини міжнародного характеру (Запис № 458920)
[ простий вигляд ]
| 000 -Лідер | |
|---|---|
| fixed length control field | 03321nam a22002657a 4500 |
| 001 - Контрольний номер | |
| control field | 216216928 |
| 003 - Ідентифікатор контрольного номера | |
| control field | UA-OsUOA |
| 005 - Дата та час останнього входження (трансакції) | |
| control field | 20201117120255.0 |
| 008 - Елементи даних фіксованої довжини – загальна інформація | |
| fixed length control field | 200420b un ||||| m||| 00| 0 ukr d |
| 040 ## - Джерело каталогізації | |
| Агенція оригінальної каталогізації | UA-OsUOA |
| Мова каталогізації | ukr |
| Агенція, яка здійснювала перезапис | UA-OsUOA |
| Агенція, яка здійснювала модифікацію | UA-OsUOA |
| 041 ## - Код мови | |
| Код мови тексту/ звукової доріжки чи окремого заголовка (П) | ukr |
| 080 ## - Індекс Універсальної десяткової класифікації | |
| Індекс Універсальної десяткової класифікації (УДК) (НП) | 343.98 |
| 090 ## - Локальний шифр розміщення | |
| Класифікаційний індекс УДК | 343.98 |
| 095 ## - Код спеціальності для авторефератів | |
| Код спеціальності | 12.00.09 |
| Назва спеціальності | кримінальний процес та криміналістика; судова експертиза; оперативно-розшукова діяльність |
| 100 ## - Основне введення – ім’я особи | |
| Ім’я особи (НП) | Чорноус Ю. М. |
| 245 ## - Відомості про назву | |
| Назва (НП) | Криміналістичне забезпечення досудового слідства у справах про злочини міжнародного характеру |
| Дані про відповідальність (НП) | Чорноус Юлія Миколаївна ; наук. керівник Кузьмічов Володимир Сергійович |
| 260 ## - Публікація, розповсюдження і т.п. (Вихідні дані) | |
| Місце публікації, розповсюдження і т.п. (П) | Київ |
| Дата публікації, розповсюдження і т.п. (П) | 2013 |
| 300 ## - Фізичний опис | |
| Обсяг | 31 с. |
| 502 ## - Примітка про дисертацію | |
| Зв'язок | Автореферат дисертації на здобуття наукового ступеня доктора юридичних наук<br/> |
| Наймення інституції, що представляється | Національна академія внутрішніх справ |
| Рік отримання вченого ступеня | 2013 |
| 520 ## - Резюме і т.п. | |
| Резюме, реферат, анотація, тощо (НП) | У дисертації на основі вивчення наукових праць з криміналістики, оперативно-розшукової діяльності, кримінального процесуального, кримінального, міжнародного, конституційного та інших галузей права, міжнародного та національного законодавства, узагальнення практики його реалізації, здійснено комплексний аналіз теоретичних і практичних основ криміналістичного забезпечення досудового слідства у справах про злочини міжнародного характеру. Зокрема, розкрито теоретичні засади криміналістичного забезпечення досудового слідства у справах про злочини міжнародного характеру; сформульовано поняття та криміналістичну характеристику злочинів міжнародного характеру; розкрито правові та організаційні засади досудового слідства у справах про злочини міжнародного характеру; охарактеризовано міжнародне співробітництво при розслідуванні злочинів міжнародного характеру; з’ясовано особливості реалізації криміналістичного забезпечення досудового слідства у справах про злочини міжнародного характеру. |
| 650 ## - Додаткове предметне введення – тематичний термін | |
| Джерело заголовка чи терміна | UDC |
| Тематичний термін чи географічна назва, як елемент введення (НП) | 343 Кримінальне право. Карні порушення |
| 942 ## - Додаткові елементи входу (Коха) | |
| Source of classification or shelving scheme | Universal Decimal Classification |
| Тип елемента Koha | Автореферат |
| 955 ## - Код типу видання за змістом | |
| Код типу видання за змістом (НП) | Наукові видання |
Немає доступних примірників.